[Event "Open Round-Robin"]
[Site "SchemingMind.com"]
[Date "2006.12.06"]
[Round "-"]
[White "jhobeck"]
[Black "Nenad"]
[Result "0-1"]
[WhiteCountry "USA"]
[BlackCountry "SLO"]
[WhiteElo "1305"]
[WhiteRD "71"]
[BlackElo "2235"]
[BlackRD "76"]
[GameID "80437"]

1. e4 c5 2. c3 Nf6 3. e5 Nd5 4. d4 cxd4 5. cxd4 e6 6. Nf3 b6 7. Bb5 Bb7 8. Bg5 Be7 9. Qd2 f6 10. Bh4 g5
11. Bg3 g4 12. Qh6 gxf3 13. Qg7 Rf8 14. Qxh7 fxg2 15. Rg1 Bb4+ 16. Nd2 Qe7 17. Qh5+ Qf7 18. Qd1 Nc6 19. a3 Nxd4 20. axb4 Nxb5
21. Nc4 Qh7 22. Qd2 Qe4+ 23. Qe2 Nxb4 24. f3 Nc2+ 25. Kf2 Qxe2+ 26. Kxe2 Nxa1 27. Rxa1 fxe5 28. Nxe5 d6 29. Ng6 Rxf3 30. Bh4 Nd4+
31. Ke1 g1=Q+
0-1

[Event "Open Round-Robin"]
[Site "SchemingMind.com"]
[Date "2006.12.06"]
[Round "-"]
[White "Nenad"]
[Black "jhobeck"]
[Result "1-0"]
[WhiteCountry "SLO"]
[BlackCountry "USA"]
[WhiteElo "2227"]
[WhiteRD "72"]
[BlackElo "1314"]
[BlackRD "74"]
[GameID "80439"]

1. e4 d5 2. exd5 Qxd5 3. Nc3 Qa5 4. d4 Nf6 5. Nf3 Bg4 6. h3 Bf5 7. Ne5 e6 8. g4 Bb4 9. gxf5 Ne4 10. Bd2 Be7
11. Nxe4 Qd5 12. Qg4 Rg8 13. Bc4 Qxd4 14. Nf6+ Bxf6 15. Qxd4 Bh4 16. Qxh4 f6 17. Qh5+ g6 18. Qxh7 Rf8 19. Bb4 fxe5 20. Qe7#
1-0

[Event "Open Round-Robin"]
[Site "SchemingMind.com"]
[Date "2006.12.06"]
[Round "-"]
[White "Zugzwang"]
[Black "Nenad"]
[Result "0-1"]
[WhiteCountry "CAN"]
[BlackCountry "SLO"]
[WhiteElo "1446"]
[WhiteRD "58"]
[BlackElo "2263"]
[BlackRD "70"]
[GameID "80468"]

1. d4 Nf6 2. Nf3 g6 3. e3 Bg7 4. Be2 O-O 5. b3 d6 6. Bb2 c5 7. O-O Nc6 8. Nbd2 Qc7 9. h3 cxd4 10. exd4 Nb4
11. c4 Bf5 12. Rc1 Nxa2 13. Ra1 Nb4 14. Ba3 a5 15. Bxb4 axb4 16. Rxa8 Rxa8 17. Nh4 Bd7 18. Ndf3 e5 19. d5 Ne4 20. Qc1 Nc3
21. Re1 e4 22. Nh2 Nxe2+ 23. Rxe2 Ra1
0-1

[Event "Open Round-Robin"]
[Site "SchemingMind.com"]
[Date "2006.12.06"]
[Round "-"]
[White "Zugzwang"]
[Black "jhobeck"]
[Result "1-0"]
[WhiteCountry "CAN"]
[BlackCountry "USA"]
[WhiteElo "1485"]
[WhiteRD "58"]
[BlackElo "1261"]
[BlackRD "74"]
[GameID "80469"]

1. d4 d5 2. Nf3 c5 3. e3 e6 4. c3 Nf6 5. Bd3 Nc6 6. O-O Bd6 7. Qe2 O-O 8. Nbd2 Ng4 9. e4 Qf6 10. e5 Ncxe5
11. dxe5 Nxe5 12. Nxe5 Bxe5 13. Nf3 Bd7 14. Ng5 Bc6 15. Qh5 h6 16. Nh7 g6 17. Qxh6 d4 18. Nxf6+ Bxf6 19. Bg5 Bg7 20. Qh3 f6
21. Bxg6 fxg5 22. Qh7#
1-0

[Event "Open Round-Robin"]
[Site "SchemingMind.com"]
[Date "2006.12.07"]
[Round "-"]
[White "Nenad"]
[Black "Zugzwang"]
[Result "1-0"]
[WhiteCountry "SLO"]
[BlackCountry "CAN"]
[WhiteElo "2263"]
[WhiteRD "70"]
[BlackElo "1446"]
[BlackRD "58"]
[GameID "80470"]

1. e4 e5 2. Nc3 Nf6 3. Bc4 Bc5 4. d3 d6 5. f4 Be6 6. Bxe6 fxe6 7. Nh3 Nc6 8. Na4 exf4 9. Nxc5 dxc5 10. Bxf4 O-O
11. Qd2 b5 12. O-O-O a5 13. Qc3 Qe7 14. Kb1 b4 15. Qc4 a4 16. Rhf1 Nd4 17. e5 Nd7 18. Bg5 Qe8 19. Be3 Rxf1 20. Rxf1 b3
21. Bxd4 cxd4 22. Qxd4 bxa2+ 23. Kxa2 Nb6 24. c4 Qc6 25. Ng5 Qxg2 26. Rg1 Qxh2 27. Nxe6 Qh6 28. Nxg7 Qc6 29. e6
1-0

[Event "Open Round-Robin"]
[Site "SchemingMind.com"]
[Date "2006.12.07"]
[Round "-"]
[White "jhobeck"]
[Black "Zugzwang"]
[Result "0-1"]
[WhiteCountry "USA"]
[BlackCountry "CAN"]
[WhiteElo "1260"]
[WhiteRD "82"]
[BlackElo "1490"]
[BlackRD "61"]
[GameID "80471"]

1. e4 e5 2. Bc4 Nf6 3. d3 Nc6 4. Nc3 Bc5 5. Nf3 d6 6. Bg5 Na5 7. Bb5+ c6 8. Ba4 O-O 9. O-O h6 10. Be3 Bxe3
11. fxe3 b5 12. Nxb5 cxb5 13. Bxb5 Qb6 14. c4 Qxe3+ 15. Kh1 Ng4 16. Re1 Nf2+ 17. Kg1 Nh3+ 18. Kf1 Qf2#
0-1

[Event "Open Round-Robin"]
[Site "SchemingMind.com"]
[Date "2006.12.05"]
[Round "-"]
[White "TheRa7en"]
[Black "Zugzwang"]
[Result "0-1"]
[WhiteCountry "AUS"]
[BlackCountry "CAN"]
[WhiteElo "1380"]
[WhiteRD "65"]
[BlackElo "1490"]
[BlackRD "61"]
[GameID "80495"]

1. b3 e5 2. Bb2 Nc6 3. Nf3 e4 4. Ng5 Qxg5 5. e3 d5 6. Bb5 Nf6 7. O-O Bd7 8. d3 O-O-O 9. dxe4 Nxe4 10. Nd2 Bh3
11. Qf3 Bg4 12. Nxe4 dxe4 13. Qxe4 Bd6 14. Bxc6 bxc6 15. Qxc6 h5 16. Qa8+ Kd7 17. Qxa7 Ra8 18. Qb7 Rhb8 19. Qe4 Rb4 20. Qxa8 Qh4
21. h3 Be2 22. Rfe1 Rg4 23. Rxe2 Qxh3 24. Rd1 Qh2+ 25. Kf1 Qh1#
0-1

[Event "Open Round-Robin"]
[Site "SchemingMind.com"]
[Date "2006.12.06"]
[Round "-"]
[White "TheRa7en"]
[Black "Nenad"]
[Result "0-1"]
[WhiteCountry "AUS"]
[BlackCountry "SLO"]
[WhiteElo "1353"]
[WhiteRD "74"]
[BlackElo "2263"]
[BlackRD "70"]
[GameID "80496"]

1. e4 c5 2. b3 d6 3. Bb2 Nf6 4. d3 g6 5. Nf3 Nc6 6. d4 cxd4 7. Nxd4 Nxd4 8. Bxd4 e5 9. Bb2 Nxe4 10. Qf3 Nc5
11. Be2 Bg7 12. O-O e4 13. Bb5+ Bd7 14. Bxd7+ Qxd7 15. Re1 Bxb2 16. Rxe4+ Nxe4 17. Qxe4+ Qe7 18. Qa4+ Kf8
0-1

[Event "Open Round-Robin"]
[Site "SchemingMind.com"]
[Date "2006.12.06"]
[Round "-"]
[White "TheRa7en"]
[Black "jhobeck"]
[Result "1/2-1/2"]
[WhiteCountry "AUS"]
[BlackCountry "USA"]
[WhiteElo "1358"]
[WhiteRD "70"]
[BlackElo "1261"]
[BlackRD "74"]
[GameID "80497"]

1. e4 d5 2. e5 c5 3. d4 e6 4. Be2 Nc6 5. Bb5 Ne7 6. Nf3 Nf5 7. Bxc6+ bxc6 8. dxc5 Ba6 9. b3 Bxc5 10. Bb2 Qa5+
11. Nbd2 O-O 12. c4 Ne3 13. Qe2 Nc2+ 14. Kd1 Nxa1 15. Bxa1 Qxa2 16. Bc3 Rab8 17. Nd4 Bxd4 18. Bxd4 Rxb3 19. Nxb3 Qxb3+ 20. Ke1 Qb1+
21. Qd1 Qb4+ 22. Qd2 Qb1+= 23. Qd1 Qe4+ 24. Be3=
1/2-1/2

[Event "Open Round-Robin"]
[Site "SchemingMind.com"]
[Date "2006.12.06"]
[Round "-"]
[White "Zugzwang"]
[Black "TheRa7en"]
[Result "1-0"]
[WhiteCountry "CAN"]
[BlackCountry "AUS"]
[WhiteElo "1490"]
[WhiteRD "61"]
[BlackElo "1380"]
[BlackRD "65"]
[GameID "80498"]

1. d4 d5 2. Nf3 e6 3. e3 Nf6 4. Bd3 Bd6 5. c3 O-O 6. O-O c5 7. Nbd2 c4 8. Bc2 Nc6 9. Qe2 a5 10. Ng5 h6
11. e4 hxg5 12. e5 Bc7 13. exf6 Qxf6 14. Qh5 Re8 15. Nf3 a4 16. Nxg5 e5 17. Nh7 Qd6 18. Ng5 exd4 19. Bh7+ Kf8 20. Qxf7#
1-0

[Event "Open Round-Robin"]
[Site "SchemingMind.com"]
[Date "2006.12.06"]
[Round "-"]
[White "Nenad"]
[Black "TheRa7en"]
[Result "1-0"]
[WhiteCountry "SLO"]
[BlackCountry "AUS"]
[WhiteElo "2247"]
[WhiteRD "69"]
[BlackElo "1380"]
[BlackRD "65"]
[GameID "80499"]

1. d4 d5 2. c4 dxc4 3. e3 Nc6 4. Bxc4 b6 5. Qf3 Be6 6. Bxe6 fxe6 7. Qxc6+ Kf7 8. Nf3 a5 9. Ne5+ Kf6 10. Qf3+ Kg5
11. e4+
1-0

[Event "Open Round-Robin"]
[Site "SchemingMind.com"]
[Date "2006.12.06"]
[Round "-"]
[White "jhobeck"]
[Black "TheRa7en"]
[Result "1-0"]
[WhiteCountry "USA"]
[BlackCountry "AUS"]
[WhiteElo "1261"]
[WhiteRD "74"]
[BlackElo "1358"]
[BlackRD "70"]
[GameID "80500"]

1. e4 b6 2. d4 Bb7 3. Bd3 d5 4. Nc3 e5 5. Nf3 dxe4 6. Bb5+ c6 7. Bc4 exf3 8. Qxf3 Nf6 9. O-O Qxd4 10. b3 Bb4
11. Bb2 O-O 12. Bd3 Nd5 13. Qf5 g6 14. Qf3 Nxc3 15. Bc1 Ne2+ 16. Qxe2 Qxa1 17. Qd1 Qxa2 18. Qg4 Nd7 19. Qxd7 Rab8 20. Bh6 Rfd8
21. Qh3 c5 22. Bg5 Rd5 23. Bf6 Qb2 24. Qh6 Rxd3 25. Qg7#
1-0

[Event "Open Round-Robin"]
[Site "SchemingMind.com"]
[Date "2006.12.06"]
[Round "-"]
[White "dvaldez"]
[Black "Zugzwang"]
[Result "1-0"]
[WhiteCountry "CAN"]
[BlackCountry "CAN"]
[WhiteElo "1883"]
[WhiteRD "76"]
[BlackElo "1485"]
[BlackRD "58"]
[GameID "80532"]

1. e4 e5 2. Nf3 Nf6 3. Nxe5 d6 4. Nf3 Nxe4 5. d4 d5 6. Bd3 Bd6 7. O-O O-O 8. c4 Bg4 9. cxd5 f5 10. Nc3 Nd7
11. h3 Bh5 12. Re1 Ndf6 13. Bc2 Re8 14. Ba4 Re7 15. Qd3 a6 16. Bg5 Nxg5 17. Nxg5 Rxe1+ 18. Rxe1 b5 19. Bb3 b4 20. Na4 Rb8
21. Qxf5 Qd7 22. Re6 Rf8 23. Nc5 Bxc5 24. dxc5 Ng4 25. Qxh7#
1-0

[Event "Open Round-Robin"]
[Site "SchemingMind.com"]
[Date "2006.12.06"]
[Round "-"]
[White "dvaldez"]
[Black "Nenad"]
[Result "0-1"]
[WhiteCountry "CAN"]
[BlackCountry "SLO"]
[WhiteElo "1916"]
[WhiteRD "82"]
[BlackElo "2227"]
[BlackRD "72"]
[GameID "80533"]

1. e4 c5 2. Nf3 d6 3. d4 cxd4 4. Nxd4 Nf6 5. Nc3 g6 6. Be3 Bg7 7. f3 O-O 8. Qd2 Nc6 9. Bc4 Bd7 10. O-O-O Rb8
11. Bb3 Na5 12. g4 b5 13. h4 b4 14. Nd5 Nxd5 15. Bxd5 e6 16. Bb3 Nxb3+ 17. axb3 Qa5 18. Qd3 Rfc8 19. Kd2 Qa2 20. Ra1 Qxb2
21. Rhb1 Qc3+ 22. Qxc3 bxc3+ 23. Kd3 e5 24. Rxa7 Be8
0-1

[Event "Open Round-Robin"]
[Site "SchemingMind.com"]
[Date "2006.12.06"]
[Round "-"]
[White "dvaldez"]
[Black "TheRa7en"]
[Result "1-0"]
[WhiteCountry "CAN"]
[BlackCountry "AUS"]
[WhiteElo "1883"]
[WhiteRD "76"]
[BlackElo "1358"]
[BlackRD "70"]
[GameID "80534"]

1. e4 e5 2. Nf3 Nc6 3. Bb5 Nge7 4. O-O d6 5. c3 Bd7 6. d4 Bg4 7. dxe5 dxe5 8. Qxd8+ Rxd8 9. Nxe5 a6 10. Bxc6+ Nxc6
11. Nxg4 Bd6 12. Nd2 O-O 13. Nc4 Bc5 14. Bf4 Rfe8 15. e5 b5 16. Nd2 b4 17. Ne4 Bb6 18. Rad1 Rxd1 19. Rxd1 bxc3 20. bxc3 Na5
21. Ngf6+ gxf6 22. Nxf6+ Kf8 23. Bh6+ Ke7 24. Rd7+ Ke6 25. Be3 Bxe3 26. fxe3 Kxe5 27. Nxe8 Ke6 28. Rxc7 h5 29. Ra7
1-0

[Event "Open Round-Robin"]
[Site "SchemingMind.com"]
[Date "2006.12.06"]
[Round "-"]
[White "dvaldez"]
[Black "jhobeck"]
[Result "1-0"]
[WhiteCountry "CAN"]
[BlackCountry "USA"]
[WhiteElo "1883"]
[WhiteRD "76"]
[BlackElo "1261"]
[BlackRD "74"]
[GameID "80535"]

1. e4 d5 2. exd5 Qxd5 3. Nc3 Qa5 4. d4 Nf6 5. Bc4 c6 6. Nf3 Bf5 7. Bd2 e6 8. Qe2 c5 9. d5 Qb6 10. dxe6 fxe6
11. Nh4 Bg4 12. f3 Bh5 13. Bxe6 Bd6 14. O-O-O Qa5 15. Bc8+ Be7 16. Nd5 Bf7 17. Qxe7#
1-0

[Event "Open Round-Robin"]
[Site "SchemingMind.com"]
[Date "2006.12.06"]
[Round "-"]
[White "Zugzwang"]
[Black "dvaldez"]
[Result "0-1"]
[WhiteCountry "CAN"]
[BlackCountry "CAN"]
[WhiteElo "1485"]
[WhiteRD "58"]
[BlackElo "1883"]
[BlackRD "76"]
[GameID "80536"]

1. d4 Nf6 2. Nf3 d5 3. e3 Bf5 4. c4 e6 5. Qb3 Qc8 6. Nc3 dxc4 7. Bxc4 Nc6 8. O-O Be7 9. Re1 Ne4 10. d5 Nd8
11. Ne5 O-O 12. Ne2 Nd6 13. Ng3 Nxc4 14. Qxc4 exd5 15. Qxd5 c6 16. Qf3 Bg6 17. Bd2 Qe6 18. Qf4 Bd6 19. Bc3 f6 20. Rad1 Bxe5
21. Qb4 Bxc3 22. bxc3 b6 23. f4 c5 24. Qb2 Be4 25. Rd2 Nc6 26. Red1 Rad8 27. Nxe4 Qxe4 28. Rxd8 Qxe3+ 29. Qf2 Qxf2+ 30. Kxf2 Rxd8
31. Rxd8+ Nxd8 32. a4 Kf7 33. g4 Ke6 34. Ke3 Kd5 35. Kd3 c4+ 36. Ke3 Ne6 37. f5 Nc5
0-1

[Event "Open Round-Robin"]
[Site "SchemingMind.com"]
[Date "2006.12.06"]
[Round "-"]
[White "Nenad"]
[Black "dvaldez"]
[Result "1-0"]
[WhiteCountry "SLO"]
[BlackCountry "CAN"]
[WhiteElo "2241"]
[WhiteRD "76"]
[BlackElo "1933"]
[BlackRD "88"]
[GameID "80537"]

1. e4 c5 2. Nf3 d6 3. d4 cxd4 4. Nxd4 Nf6 5. Nc3 g6 6. Be3 Bg7 7. f3 O-O 8. Qd2 Nc6 9. Bc4 Bd7 10. O-O-O Rc8
11. Bb3 Ne5 12. h4 h5 13. Bg5 Rc5 14. Kb1 Re8 15. Bh6 Nc4 16. Bxc4 Rxc4 17. Bxg7 Kxg7 18. Nd5 e5 19. Nxf6 Qxf6 20. Nb3 Re6
21. Qa5 Ra4 22. Qc7 Bc6 23. Nc1 Rb4 24. Ne2 Rb5 25. Qb8 a5 26. Rd2 a4 27. a3 Qe7 28. Rhd1 Qxh4 29. Rxd6 Rxd6 30. Qxd6 Qf2
31. Nc3 Ra5 32. Nd5 Bxd5 33. Qxe5+ Kh7 34. exd5 Rc5 35. Qe4 Rc7 36. d6 Rd7 37. Qe8
1-0

[Event "Open Round-Robin"]
[Site "SchemingMind.com"]
[Date "2006.12.06"]
[Round "-"]
[White "TheRa7en"]
[Black "dvaldez"]
[Result "0-1"]
[WhiteCountry "AUS"]
[BlackCountry "CAN"]
[WhiteElo "1358"]
[WhiteRD "70"]
[BlackElo "1883"]
[BlackRD "76"]
[GameID "80538"]

1. e4 c5 2. b3 d6 3. Bb2 Nd7 4. Nf3 Ngf6 5. Bc4 e6 6. O-O Be7 7. d4 cxd4 8. Bxd4 e5 9. Bb2 Nxe4 10. Re1 Ndf6
11. Nc3 Nxc3 12. Bxc3 O-O 13. Bd3 Bg4 14. Be2 Qc7 15. Bb2 e4 16. Ng5 Bxe2 17. Qxe2 d5 18. Bxf6 Bxf6 19. Qh5 h6 20. Nh3 Bxa1
21. Rxa1 Qxc2 22. Kf1 d4 23. Re1 d3 24. g4 d2 25. Rd1 Qxd1+ 26. Kg2 Qf3+ 27. Kg1 d1=Q#
0-1

[Event "Open Round-Robin"]
[Site "SchemingMind.com"]
[Date "2006.12.06"]
[Round "-"]
[White "jhobeck"]
[Black "dvaldez"]
[Result "0-1"]
[WhiteCountry "USA"]
[BlackCountry "CAN"]
[WhiteElo "1270"]
[WhiteRD "78"]
[BlackElo "1906"]
[BlackRD "79"]
[GameID "80539"]

1. e4 c5 2. c3 d5 3. exd5 Qxd5 4. d4 Nc6 5. Nf3 Bg4 6. Be2 cxd4 7. cxd4 e6 8. Nc3 Qa5 9. Qb3 O-O-O 10. Bg5 Be7
11. Be3 Nf6 12. h3 Bf5 13. Bd2 Qb4 14. Qxb4 Nxb4 15. O-O a6 16. Rac1 Kb8 17. Bf4+ Ka7 18. Bc7 Rc8 19. Ba5 Nc6 20. Bb6+ Kxb6
21. Na4+ Ka7 22. Nc5 Bxc5 23. Rxc5 Nxd4 24. Rfc1 Nxe2+ 25. Kh2 Nxc1 26. Re5 Nd3 27. Re3 Nxf2 28. Rb3 N6e4 29. Nd4 Rc1 30. Nb5+ axb5
31. Ra3+ Kb6
0-1

[Event "Open Round-Robin"]
[Site "SchemingMind.com"]
[Date "2006.12.06"]
[Round "-"]
[White "dadshane2000"]
[Black "Zugzwang"]
[Result "1-0"]
[WhiteCountry "USA"]
[BlackCountry "CAN"]
[WhiteElo "1822"]
[WhiteRD "73"]
[BlackElo "1485"]
[BlackRD "58"]
[GameID "80542"]

1. e4 e5 2. Nf3 Nf6 3. Nxe5 d6 4. Nf3 Nxe4 5. Nc3 Nxc3 6. dxc3 Be7 7. Bf4 O-O 8. Qd2 c5 9. O-O-O b5 10. Kb1 Be6
11. Ng5 Bxg5 12. Bxg5 f6 13. Be3 Qa5 14. a3 Rd8 15. Qe2 b4 16. cxb4 cxb4 17. Bb6 Qxb6 18. Qxe6+ Kf8 19. Bc4 Qc7 20. Qg8+ Ke7
21. Qf7#
1-0

[Event "Open Round-Robin"]
[Site "SchemingMind.com"]
[Date "2006.12.06"]
[Round "-"]
[White "dadshane2000"]
[Black "dvaldez"]
[Result "0-1"]
[WhiteCountry "USA"]
[BlackCountry "CAN"]
[WhiteElo "1822"]
[WhiteRD "73"]
[BlackElo "1883"]
[BlackRD "76"]
[GameID "80543"]

1. e4 c5 2. Nf3 d6 3. Bb5+ Bd7 4. Bxd7+ Nxd7 5. O-O g6 6. c3 Bg7 7. d4 cxd4 8. cxd4 Ngf6 9. Re1 e5 10. dxe5 dxe5
11. Qb3 Qc7 12. Nc3 O-O 13. Bg5 h6 14. Bh4 Rac8 15. Rad1 a6 16. Nd5 Nxd5 17. Qxd5 Nb6 18. Qb3 Nc4 19. Rc1 b5 20. Qb4 Qb7
21. b3 a5 22. Qe7 Rc7 23. Qxc7 Qxc7 24. bxc4 bxc4 25. Re2 Rb8 26. Rec2 Rb4 27. Nd2 g5 28. Bg3 Qb7 29. Rxc4 Rxc4 30. Nxc4 Qxe4
31. f3 Qe2 32. Nxa5 Qe3+
0-1

[Event "Open Round-Robin"]
[Site "SchemingMind.com"]
[Date "2006.12.06"]
[Round "-"]
[White "dadshane2000"]
[Black "Nenad"]
[Result "0-1"]
[WhiteCountry "USA"]
[BlackCountry "SLO"]
[WhiteElo "1824"]
[WhiteRD "72"]
[BlackElo "2241"]
[BlackRD "76"]
[GameID "80544"]

1. e4 c5 2. Nf3 d6 3. Bb5+ Bd7 4. Bxd7+ Qxd7 5. O-O Nc6 6. c3 Nf6 7. Qe2 e6 8. d4 cxd4 9. cxd4 d5 10. e5 Ne4
11. Nbd2 Nxd2 12. Bxd2 Be7 13. Qd3 O-O 14. Ng5 Bxg5 15. Bxg5 h6 16. Bd2 f6 17. f4 fxe5 18. fxe5 Qe7 19. a3 Qh4 20. Be3 Qe4
21. Qd2 Na5 22. Rxf8+ Rxf8 23. Re1 Nc4 24. Qc3 Qg6 25. Bc1 Qf5 26. Qg3 Kh8 27. b3 Na5 28. b4 Nc4 29. h3 Qc2 30. Kh2 Kh7
31. Qg4 Rf5 32. Qe2 Qxe2 33. Rxe2 Rf1 34. Bb2 Rb1 35. Bc3 Rb3 36. Be1 Nxa3 37. Rf2 Kg6 38. Rf4 Nc2 39. Rg4+ Kf5 40. Rxg7 Nxe1
41. Rxb7 Rb2 42. Kg1 Nxg2 43. Rxa7 Ke4 44. Rh7 Nh4 45. Rxh6 Nf3+
0-1

[Event "Open Round-Robin"]
[Site "SchemingMind.com"]
[Date "2006.12.06"]
[Round "-"]
[White "dadshane2000"]
[Black "TheRa7en"]
[Result "1-0"]
[WhiteCountry "USA"]
[BlackCountry "AUS"]
[WhiteElo "1858"]
[WhiteRD "76"]
[BlackElo "1380"]
[BlackRD "65"]
[GameID "80545"]

1. e4 b6 2. d4 Bb7 3. Nd2 g6 4. Ngf3 Bg7 5. Bd3 d5 6. e5 f6 7. O-O e6 8. exf6 Nxf6 9. Re1 Qd6 10. c3 Nc6
11. Ng5 h6 12. Rxe6+ Qxe6 13. Nxe6 Kf7 14. Nxg7 Kxg7 15. Nf3 Rhe8 16. Nh4 Re7 17. Qd2 Rae8 18. Qxh6+ Kg8 19. Bd2 Rh7 20. Qxg6+ Kh8
21. Qxf6+ Rg7 22. Bh6 Rg8 23. Bxg7+
1-0

[Event "Open Round-Robin"]
[Site "SchemingMind.com"]
[Date "2006.12.06"]
[Round "-"]
[White "dadshane2000"]
[Black "jhobeck"]
[Result "1-0"]
[WhiteCountry "USA"]
[BlackCountry "USA"]
[WhiteElo "1822"]
[WhiteRD "73"]
[BlackElo "1261"]
[BlackRD "74"]
[GameID "80546"]

1. e4 d5 2. exd5 Qxd5 3. Nc3 Qa5 4. Nf3 Nf6 5. Be2 Bf5 6. O-O e6 7. d4 Bd6 8. Nb5 Ng4 9. Nxd6+ cxd6 10. Nh4 d5
11. Nxf5 exf5 12. Bxg4 fxg4 13. Qxg4 g6 14. Qc8+ Qd8 15. Re1+ Kf8 16. Qxd8+ Kg7 17. Bh6+ Kxh6 18. Qxh8
1-0

[Event "Open Round-Robin"]
[Site "SchemingMind.com"]
[Date "2006.12.06"]
[Round "-"]
[White "Zugzwang"]
[Black "dadshane2000"]
[Result "0-1"]
[WhiteCountry "CAN"]
[BlackCountry "USA"]
[WhiteElo "1485"]
[WhiteRD "58"]
[BlackElo "1822"]
[BlackRD "73"]
[GameID "80547"]

1. d4 Nf6 2. Nf3 b6 3. e3 Bb7 4. Bd3 e6 5. O-O c5 6. b3 d5 7. Bb2 Nc6 8. c4 Bd6 9. a3 O-O 10. Qe2 Qc7
11. dxc5 bxc5 12. Nbd2 Ne5 13. Nxe5 Bxe5 14. Bxe5 Qxe5 15. f4 Qc7 16. Nf3 dxc4 17. bxc4 Rfd8 18. Ng5 Qc6 19. Rf3 h6 20. Nh3 Qd7
21. e4 Qd4+
0-1

[Event "Open Round-Robin"]
[Site "SchemingMind.com"]
[Date "2006.12.06"]
[Round "-"]
[White "dvaldez"]
[Black "dadshane2000"]
[Result "1/2-1/2"]
[WhiteCountry "CAN"]
[BlackCountry "USA"]
[WhiteElo "1883"]
[WhiteRD "76"]
[BlackElo "1822"]
[BlackRD "73"]
[GameID "80548"]

1. e4 e5 2. Nf3 Nc6 3. Bb5 a6 4. Ba4 Nf6 5. O-O Be7 6. Re1 b5 7. Bb3 d6 8. h3 Na5 9. c3 Nxb3 10. axb3 O-O
11. d4 exd4 12. Nxd4 Qd7 13. Nf5 Bb7 14. Bg5 Rfe8 15. Nxe7+ Qxe7 16. Nd2 Qe6 17. Bxf6 Qxf6 18. f3 Rad8 19. Qc2 Qg6 20. c4 c6
21. Rad1 d5 22. cxd5 cxd5 23. Qc7 Ba8 24. exd5 Bxd5 25. Ne4 Qc6 26. Qxc6= Bxc6 27. Nc5 Rxe1+ 28. Rxe1 a5 29. Ra1 Rd5 30. Ne4 a4
31. bxa4 bxa4=
1/2-1/2

[Event "Open Round-Robin"]
[Site "SchemingMind.com"]
[Date "2006.12.06"]
[Round "-"]
[White "Nenad"]
[Black "dadshane2000"]
[Result "1-0"]
[WhiteCountry "SLO"]
[BlackCountry "USA"]
[WhiteElo "2241"]
[WhiteRD "76"]
[BlackElo "1824"]
[BlackRD "72"]
[GameID "80549"]

1. d4 Nf6 2. c4 Nc6 3. Nf3 e6 4. e3 Bb4+ 5. Nbd2 d6 6. a3 Bxd2+ 7. Qxd2 a5 8. b3 O-O 9. Bb2 Ne4 10. Qc2 d5
11. Bd3 f5 12. O-O Ne7 13. Ne5 Ng6 14. Nxg6 hxg6 15. Rac1 c6 16. f3 Ng5 17. c5 Nh7 18. Rfd1 Qg5 19. Qe2 Nf6 20. Bc3 Bd7
21. Be1 Kf7 22. Bg3 Nh5 23. Be5 Rh8 24. Re1 Rh7 25. a4 Rah8 26. b4 axb4 27. Qd2 Qd8 28. Qxb4 Bc8 29. a5 Nf6 30. h3 Nd7
31. Bd6 Re8 32. Qa4 e5 33. a6 e4 34. fxe4 fxe4 35. a7 Nb6 36. cxb6 Qxd6 37. a8=Q exd3 38. Rf1+ Kg8 39. Rxc6 bxc6 40. Q8xc6 Qxc6
41. Qxc6 Rd8 42. Qc7
1-0

[Event "Open Round-Robin"]
[Site "SchemingMind.com"]
[Date "2006.12.06"]
[Round "-"]
[White "TheRa7en"]
[Black "dadshane2000"]
[Result "0-1"]
[WhiteCountry "AUS"]
[BlackCountry "USA"]
[WhiteElo "1380"]
[WhiteRD "65"]
[BlackElo "1858"]
[BlackRD "76"]
[GameID "80550"]

1. e4 e5 2. Nf3 Nc6 3. Bb5 a6 4. Bxc6 dxc6 5. Nxe5 Qd4 6. Qh5 Qxe4+ 7. Kf1 g6 8. Qe2 Qxe2+ 9. Kxe2 Bg7 10. Re1 Be6
11. Kf1 O-O-O 12. Nc3 Nh6 13. d3 Nf5 14. a4 Nd4 15. Rd1 Bxe5 16. Ne4 Nxc2 17. Ra3 Nxa3 18. bxa3 Bf5 19. Nc5 Rhe8 20. Bg5 Rd5
21. Be3 Bd6
0-1

[Event "Open Round-Robin"]
[Site "SchemingMind.com"]
[Date "2006.12.06"]
[Round "-"]
[White "jhobeck"]
[Black "dadshane2000"]
[Result "0-1"]
[WhiteCountry "USA"]
[BlackCountry "USA"]
[WhiteElo "1261"]
[WhiteRD "74"]
[BlackElo "1822"]
[BlackRD "73"]
[GameID "80551"]

1. e4 e5 2. f4 Bc5 3. Nf3 d6 4. c3 Bb6 5. Na3 Bg4 6. Bc4 Nf6 7. d3 O-O 8. Qd2 Nc6 9. fxe5 Nxe5 10. Ng5 h6
11. Nh3 Bxh3 12. gxh3 Nf3+ 13. Ke2 Nxd2 14. Bxd2 d5 15. Bb3 dxe4 16. d4 c6 17. Rhg1 Kh7 18. Bc2 Qd7 19. Rg3 Bc7 20. Rag1 Bxg3
21. Rxg3 Qd5 22. Bb3 Qh5+ 23. Kf2 Qh4 24. Kg2 Nd5 25. Nc4 Rae8 26. Bd1 e3 27. Be1 Qe4+ 28. Rf3 Re6 29. Bg3 e2 30. Bxe2 Qxe2+
31. Rf2 Qxc4
0-1

[Event "Open Round-Robin"]
[Site "SchemingMind.com"]
[Date "2006.12.07"]
[Round "-"]
[White "peeuukoo"]
[Black "Zugzwang"]
[Result "1-0"]
[WhiteCountry "FIN"]
[BlackCountry "CAN"]
[WhiteElo "1963"]
[WhiteRD "119"]
[BlackElo "1490"]
[BlackRD "61"]
[GameID "80651"]

1. d4 f5 2. Nc3 b6 3. e4 e6 4. exf5 exf5 5. Qf3 c6 6. Qxf5 Nh6 7. Bxh6 gxh6 8. Qh5+ Ke7 9. O-O-O d6 10. Re1+ Be6
11. d5 cxd5 12. Qxd5
1-0

[Event "Open Round-Robin"]
[Site "SchemingMind.com"]
[Date "2006.12.06"]
[Round "-"]
[White "peeuukoo"]
[Black "dadshane2000"]
[Result "1-0"]
[WhiteCountry "FIN"]
[BlackCountry "USA"]
[WhiteElo "1980"]
[WhiteRD "98"]
[BlackElo "1822"]
[BlackRD "73"]
[GameID "80652"]

1. d4 Nf6 2. c4 c5 3. d5 e6 4. Nc3 exd5 5. cxd5 d6 6. e4 g6 7. Bd3 Bg7 8. Nge2 O-O 9. O-O a6 10. a4 b6
11. Ng3 Nbd7 12. f4 Qc7 13. Be3 c4 14. Bc2 Nc5 15. h3 Re8 16. Qf3 Bb7 17. Rad1 Nfd7 18. Kh1 Qd8 19. e5 dxe5 20. f5 e4
21. Ngxe4 Ne5 22. Qf2 Ned3 23. Bxd3 Nxd3 24. Rxd3 cxd3 25. fxg6 hxg6 26. Qxf7+
1-0

[Event "Open Round-Robin"]
[Site "SchemingMind.com"]
[Date "2006.12.06"]
[Round "-"]
[White "peeuukoo"]
[Black "dvaldez"]
[Result "1/2-1/2"]
[WhiteCountry "FIN"]
[BlackCountry "CAN"]
[WhiteElo "1980"]
[WhiteRD "98"]
[BlackElo "1883"]
[BlackRD "76"]
[GameID "80653"]

1. d4 Nf6 2. c4 c5 3. d5 e6 4. Nc3 exd5 5. cxd5 d6 6. e4 g6 7. Bd3 Bg7 8. Nge2 O-O 9. O-O a6 10. a4 Re8
11. Ng3 Qc7 12. h3 Nbd7 13. Be3 Rb8 14. f4 c4 15. Bc2 b5 16. axb5 axb5 17. Ra7 Qd8 18. Qf3 b4 19. Nce2 Qe7 20. Nd4 Rb7
21. Nc6 Qf8 22. Rfa1 b3 23. Bd1 Nb8 24. Nxb8 Rxb8 25. Rc7 Nd7 26. Rxc4 Bxb2 27. Rb1 Qg7 28. e5 Bxe5 29. fxe5 Nxe5 30. Qe4 Ba6
31. Rb4 Bd3 32. Rxb8 Rxb8 33. Qh4 Bxb1 34. Bxb3 f6 35. Ba4 Ba2 36. Ne4 g5 37. Qf2 Nd3 38. Qxa2 f5 39. Nxd6 Rb2 40. Qc4 Rb1+
41. Kh2 Qe5+ 42. Bf4 Qxf4+ 43. Qxf4 Nxf4 44. Bc2 Rb2 45. Bxf5 Rxg2+ 46. Kh1 Rd2 47. Ne4 Rd1+ 48. Kh2 Nxd5 49. Nxg5 h6 50. Nf3 Kf7
51. Bg4 Ra1 52. Kg3=
1/2-1/2